Retratos literarios / (Record no. 137045)
[ view plain ]
| 000 -LEADER | |
|---|---|
| campo de control de longitud fija | 00829nam a2200217 4500 |
| 001 - NÚMERO DE CONTROL | |
| campo de control | 137045 |
| 003 - IDENTIFICADOR DE NÚMERO DE CONTROL | |
| campo de control | ES-MaACL |
| 005 - FECHA Y HORA DE LA ÚLTIMA TRANSACCIÓN | |
| campo de control | 20251005063115.0 |
| 007 - CAMPO FIJO DE DESCRIPCIÓN FÍSICA--INFORMACIÓN GENERAL | |
| campo de control de longitud fija | t| |
| 008 - DATOS DE LONGITUD FIJA--INFORMACIÓN GENERAL | |
| campo de control de longitud fija | 070214s1955 sp r ||||1| spa d |
| 100 1# - ENTRADA PRINCIPAL--NOMBRE DE PERSONA | |
| Nombre de persona | Sainte-Beuve, Charles-Augustin, |
| Fechas asociadas al nombre | 1804-1869 |
| 9 (RLIN) | 162958 |
| 245 10 - MENCIÓN DEL TÍTULO | |
| Título | Retratos literarios / |
| Mención de responsabilidad, etc. | Charles-Augustin Sainte-Beuve ; traducción del francés y notas de Juan B. Xuriguera ; con unas notas prologales de Emiliano M. Aguilera. |
| 260 ## - PUBLICACIÓN, DISTRIBUCIÓN, ETC. | |
| Lugar de publicación, distribución, etc. | Barcelona : |
| Nombre del editor, distribuidor, etc. | [s.n.], |
| Fecha de publicación, distribución, etc. | 1955 ( |
| Fabricante | Artes Gráf. Rafael Salvá) |
| 300 ## - DESCRIPCIÓN FÍSICA | |
| Extensión | XII, 305 p. ; |
| Dimensiones | 19 cm. |
| 490 1# - MENCIÓN DE SERIE | |
| Mención de serie | Col. obras maestras |
| 700 1# - ENTRADA AGREGADA--NOMBRE PERSONAL | |
| Nombre de persona | Xuriguera, Joan Baptista ( |
| Fechas asociadas al nombre | 1908-1987) |
| 9 (RLIN) | 117525 |
| 700 1# - ENTRADA AGREGADA--NOMBRE PERSONAL | |
| Nombre de persona | Aguilera, Emiliano M. |
| 9 (RLIN) | 18758 |
| 830 0# - PUNTO DE ACCESO ADICIONAL DE SERIE-TÍTULO UNIFORME | |
| Título uniforme | Col. obras maestras |
| 9 (RLIN) | 220055 |
| 852 ## - LOCALIZACIÓN | |
| Ubicación | ES-MaACL |
| Número de control de estantería | C-9834 |
| Sublocalización o colección | R.37867 |
| Estatus retirado | Estado de pérdida | Estado de daño | No para préstamo | Biblioteca de origen | Biblioteca actual | Ubicación en estantería | Fecha de adquisición | Fuente de adquisición | Total de préstamos | Signatura topográfica completa | Código de barras | Visto por última vez | Precio de reemplazo | Tipo de ítem Koha |
|---|---|---|---|---|---|---|---|---|---|---|---|---|---|---|
| Biblioteca del Ateneo de Madrid | Biblioteca del Ateneo de Madrid | Sala Palomar | 17/01/2008 | C-9834 | 1142618 | 23/02/2023 | 23/02/2023 | Libro impreso |
